Logo BPK

Biblioteka

Politechniki Koszalińskiej

Ewidencja gruntów i budynków : (Rekord nr 43662)

Szczegóły MARC
000 -ETYKIETA REKORDU
podpole kontrolne o stałej długości 01100nam a2200265 i 4500
001 - NUMER KONTROLNY REKORDU
pole kontrolne bg
020 ## - MIĘDZYNARODOWY ZNORMALIZOWANY NUMER KSIĄŻKI - ISBN
ISBN 8372992401
040 ## - ŹRÓDŁO KATALOGOWANIA
Instytucja, która utworzyła rekord BPK
041 0# - KOD JĘZYKA
Kod języka tekstu pol
080 ## - UNIWERSALNA KLASYFIKACJA DZIESIĘTNA - UKD
UKD 332.6:528.3/.4:528.7](438)"1989/..."(075.8)
920 ## - Międzynarodowy znormalizowany numer książki – ISBN
ISBN 83-7299-240-1
008 - POLE O STAŁEJ DŁUGOŚCI - DANE KONTROLNE
podpole kontrolne o stałej długości s pl f |000 0 pol
245 00 - TYTUŁ/ODPOWIEDZIALNOŚĆ
Tytuł Ewidencja gruntów i budynków :
Ciąg dalszy tytułu geodezyjna ewidencja sieci uzbrojenia terenu /
Pozostałe elementy strefy tytułu i oznaczenia odpowiedzialności pod red. Stanisława Surowca ; [aut. Grzegorz Czech et al.].
250 ## - STREFA WYDANIA
Oznaczenie wydania Wyd. 2 zm. i uzup.
260 ## - STREFA ADRESU WYDAWNICZEGO
Miejsce wydania Olsztyn :
Nazwa wydawcy/dystrybutora Wydaw. Uniwersytetu Warmińsko-Mazurskiego,
Data publikacji, dystrybucji/powstania dokumentu 2003.
300 ## - STREFA OPISU FIZYCZNEGO
Objętość 193 s., [5] k. tabl. :
Inne cechy fizyczne il., mapy ;
Rozmiary 24 cm.
500 ## - UWAGI OGÓLNE
Tekst uwagi Wyd. 1 pt.: Ewidencja gruntów, budynków i sieci uzbrojenia terenu.
504 ## - UWAGA DOTYCZĄCA BIBLIOGRAFII
Informacje o bibliografii Bibliogr. przy rozdz.
650 #9 - HASŁO PRZEDMIOTOWE W FORMIE NAZWY OGÓLNEJ LUB JEDNOSTKOWEJ
Nazwa ogólna lub geograficzna Kataster nieruchomości
Określnik geograficzny Polska
Określnik chronologiczny od 1989 r.
655 ## - TERMIN INDEKSOWY - OKREŚLENIE RODZAJU/FORMY DOKUMENTU
Określenie rodzaju/formy dokumentu Podręczniki akademickie
700 1# - HASŁO DODATKOWE - NAZWA OSOBOWA
Nazwa osobowa SUROWIEC, Stanisław.
Określenie związku między hasłem a opisywanym materiałem Red.
700 1# - HASŁO DODATKOWE - NAZWA OSOBOWA
Nazwa osobowa CZECH, Grzegorz
856 ## - LOKALIZACJA I DOSTĘP DO ELEKTRONICZNYCH DOKUMENTÓW ZDALNYCH
Link (URL) http://koha.tu.koszalin.pl/cgi-bin/koha/opac-detail.pl?biblionumber=43662
Tekst linku Katalog online BPK
942 ## - DODATKOWE ELEMENTY (KOHA)
Typ dokumentu Książka
Egzemplarze
Wycofany Status egzemplarza Uszkodzony Dostępność Lokalizacja stała Lokalizacja bieżąca Miejsce przechowywania Sygnatura Kod kreskowy Dział Typ dokumentu Status: wypożyczony Ostatnio wypożyczono
      Tylko na miejscu Biblioteka Politechniki Koszalińskiej Biblioteka Politechniki Koszalińskiej Czytelnia BG 69657 02041643 528 Geodezja Książka    
      Dostępny Biblioteka Politechniki Koszalińskiej Biblioteka Politechniki Koszalińskiej Wypożyczalnia BG 69659 02041629   Książka 18.08.2026 21.03.2026
      Tylko na miejscu Czytelnia Wydziału Elektroniki i Informatyki, Wydziału Architektury i Wzornictwa, Wydziału Inżynierii Mechanicznej i Energetyki oraz Wydziału Inżynierii Lądowej, Środowiska i Geodezji Czytelnia Wydziału Elektroniki i Informatyki, Wydziału Architektury i Wzornictwa, Wydziału Inżynierii Mechanicznej i Energetyki oraz Wydziału Inżynierii Lądowej, Środowiska i Geodezji Czytelnia Wydziałowa ul. Śniadeckich 2 69658 02041636 528 Geodezja Książka    
© 2023 Biblioteka Politechniki Koszalińskiej :: KOHA